Como has estau? - Mora - Estadísticas

Estadísticas generales
  • Esta prueba ha sido intentada 124 veces
  • La puntuación promedio es 220 de 263
Estadísticas de respuestas
Letra % Correcto
¿Cómo
100%
¿cómo
100%
e'
100%
es
100%
está
100%
estau?
100%
has
100%
'Tá
100%
no
97%
No
97%
a
96%
te
96%
discoteca
94%
la
94%
me
94%
Me
94%
Que
94%
que
94%
qué
94%
ve'
94%
veo
94%
Y
94%
y
94%
ya
94%
en
93%
mensaje
93%
por
91%
ni
90%
se
90%
90%
de
88%
desespera'o
88%
letra'
88%
aquí
87%
yo
87%
Dedicándote
85%
85%
mis
85%
ti
85%
¿cómo
84%
las
84%
libreta'
84%
'tás
84%
el
82%
cinco
81%
habla
81%
llené
81%
ola'
81%
Pero
81%
tu
81%
81%
dime
78%
mil
78%
olas
78%
viento
78%
cuento
76%
desespеrao
76%
historias
76%
cada
75%
Lo
75%
lo
75%
mirar
75%
tengo
75%
Tengo
75%
vez
75%
contigo
74%
¿sin
74%
sin
74%
al
72%
amiga
71%
seca
71%
bebé
69%
bien
69%
cara
69%
diga
69%
quedó
69%
seré?
69%
siento
69%
Nada
68%
informada
66%
mal
66%
sueño'
66%
aire
65%
ataú'
65%
bala'
65%
directamente
65%
falta'
65%
Pa'
65%
sale
65%
tienes
65%
caigo
63%
Cuando
63%
disparando
63%
envidia
63%
faltas
63%
miras
63%
to'
63%
¡Eh!
60%
ey
57%
mordía'
57%
dijo
54%
eh
53%
sales
49%
No se encontraron pruebas coincidentes
Distribución de puntuación
Porcentaje de gente con cada puntuación
Porcentaje por número respondido
Historial de tus puntuaciones
No has intentado esta prueba.